Sports Quiz

Random Sports or MLB Quiz

6-Letter Sports Teams Quiz Stats

 Plays Quiz Updated Aug 26, 2016

Challenge
Share
Tweet
Embed
Score 0/26 Timer 06:00
2 Plays Today
League Team Name % Correct
NFLNew York Giants
82.5%
MLBSan Francisco Giants
82.5%
MLBBoston Red Sox
71.5%
NFLCleveland Browns
69.1%
NFLPhiladelphia Eagles
68.4%
NFLHouston Texans
68.1%
NBALos Angeles Lakers
67.1%
NFLBaltimore Ravens
66.7%
NFLNew Orleans Saints
66%
NFLTennessee Titans
65.8%
NHLBoston Bruins
63.6%
MLBHouston Astros
63.5%
NFLKansas City Chiefs
63.2%
League Team Name % Correct
MLBDetroit Tigers
62.7%
MLBAtlanta Braves
62.3%
NBANew York Knicks
59.9%
MLBSan Diego Padres
58.7%
MLBLos Angeles Angels
58.5%
MLBKansas City Royals
58.1%
NHLEdmonton Oilers
55.5%
NHLPhiladelphia Flyers
53.6%
NBAIndiana Pacers
51%
NHLSan Jose Sharks
50.4%
NHLCalgary Flames
50.2%
NHLNew Jersey Devils
45.4%
NHLBuffalo Sabres
43.3%

You're not logged in!

Compare scores with friends on all Sporcle quizzes.
Join for Free
OR
Log In

You Might Also Like...

Show Comments

Extras

Top Quizzes Today


Score Distribution

Your Account Isn't Verified!

In order to create a playlist on Sporcle, you need to verify the email address you used during registration. Go to your Sporcle Settings to finish the process.

Report this User

Report this user for behavior that violates our Community Guidelines.

Details: